| 000 | 01071nam a2200277Ia 4500 | ||
|---|---|---|---|
| 003 | OSt | ||
| 005 | 20220930092656.0 | ||
| 006 | a|||||r|||| 00| 0 | ||
| 007 | ta | ||
| 008 | 220926b |||||||| |||| 00| 0 eng d | ||
| 024 | _a23665 | ||
| 037 | _cTheses | ||
| 040 |
_aCRL _cCRL _beng |
||
| 041 |
_2eng _aeng |
||
| 100 |
_aAgrawal Chhavi _9549433 |
||
| 110 |
_aUniversity OF Delhi. Faculty OF Medical Sciences. Department OF General Medicine _9544737 |
||
| 245 | 0 | _aStudy the clinical profile, demography and disease activity in patients of rheumatoid arthritis with and without steroid with special emphasis on steroid adverse effects | |
| 260 | _c2014 | ||
| 650 | _aMEDICINE | ||
| 700 |
_a Dr. Atul Murari Gu. _9537126 |
||
| 700 |
_a Dr. Ghan Shyam Pangtey Gu. _9545883 |
||
| 700 |
_a Dr. S. K. Sharma Gu. _9532837 |
||
| 700 |
_aUniversity OF Delhi. Faculty OF Medical Sciences. Department OF General Medicine _9544739 |
||
| 942 |
_cDIS _2CC |
||
| 999 |
_c884132 _d884132 |
||